000 05076nam a22003975i 4500
001 991107399290406196
005 20251008180004.0
006 m o d |
007 cr cnu||||||||
008 240621s2024 si | o |||| 0|eng d
020 _a9789819729807
035 _a(MiAaPQ)EBC31500287
035 _a(Au-PeEL)EBL31500287
035 _a(CKB)32322834700041
035 _a(DE-He213)978-981-97-2981-4
035 _a(EXLCZ)9932322834700041
040 _aMiAaPQ
_beng
_erda
_epn
_cMiAaPQ
_dMiAaPQ
041 _aeng
050 4 _aGE196
245 1 0 _aSustainable horizons for business, education, and technology
_b: interdisciplinary Insights
_c/ edited by Hashem Alshurafat, Allam Hamdan, John Sands.
260 _aSingapore :
_bSpringer Nature Singapore, an imprint of Springer,
_c2024.
300 _axii, 288 pages :
_billustrations, tables, charts (chiefly black and white) :
_c24 cm.
490 _aContributions to Environmental Sciences & Innovative Business Technology,
_x2731-8311
505 0 _aA review of balanced scorecard application in public hospital setting — Critical success factors in implementing sustainable business models: the ITAL case — Earnings conference calls’ tone in just meet-beat firms: evidence from the UK — Economic sustainability through IPSAS: a global perspective — ESG reporting: impacts, benefits and challenges — Green marketing strategies: research agenda for sustainable consumer behavior and corporate responsibility — Size as a motive for bank window dressing: evidence from an emerging economy — Strengths and weaknesses of integrated reporting: a comprehensive literature review — The impact of Jordanian tourism website performance on online purchase intention: review — Sustainability in education — Outstanding support for students becoming a social entrepreneurship course — Environmental orientation and sustainable innovation performance: the role of dynamic capabilities — Mapping the landscape of sustainable finance: a Scopus based bibliometric analysis — Shedding light on the link: salient stakeholder theory and sustainability connections — Accounting in the digital era: does big data add value? — Driving sustainability forward: do fintech and digital transformation matter? — Factors affecting big data analytics in Jordanian commercial banks — Investigating firm-generated content's influence on digital marketing effectiveness in private hospitals — A Jordanian perspective — Sustainability practices within fin-tech firms: a literature review — The impact of information and communications technology (ICTS) on food security in Jordan — The moderating role of accountant’s capability on the relationship ais and the quality of financial reporting: a literature review.
520 _aThis book offers a detailed analysis of the intersection of sustainability, innovation, and global progress, and it comprehensively explores sustainable practices and their impact on business, education, and technology. The book shows how businesses can incorporate sustainability into their core operations, including environment-friendly supply chains, renewable energy adoption, circular economy models, ethical decision-making, and sustainable growth strategies. Successful sustainable businesses and the benefits of their socially responsible practices are highlighted. In addition, the book explores how education can shape a sustainable future. It is necessary to integrate the ideas of sustainability into the curricula of early childhood education to higher learning institutions to educate and empower the next generation of changemakers. The role of technology in advancing sustainability efforts is also investigated, including artificial intelligence, blockchain, clean energy solutions, green architecture, and smart cities. Other topics explored in the book include global sustainability efforts such as international collaborations, public-private partnerships, and multilateral initiatives; the role of governments, NGOs, and international organizations in promoting sustainable development; ethical considerations and social impacts of sustainable practices, for example, social justice, inclusivity, and environmental stewardship; connections between sustainable development and improved quality of life; and groundbreaking ideas and innovations for industries to tackle sustainability issues. The book offers a comprehensive and forward-looking perspective on sustainability. By combining different viewpoints, the book empowers readers with the knowledge and inspiration to contribute meaningfully to a more sustainable, inclusive, and resilient world.
650 0 _aSustainability
_95153
650 0 _aBusiness
_94291
650 0 _aManagement Science
_99140
650 0 _aEducation
_93379
650 0 _aTechnological innovations
_94276
650 0 _aBusiness information services
_97450
700 _aAlshurafat, Hashem
_924536
_eeditor
700 _aHamdan, Allam
_924537
_eeditor
700 _aSands, John
_924538
_eeditor
942 _2lcc
999 _c4462
_d4462